Cinema, Censorship and sexuality 1909-1925. (Record no. 2126)

MARC details
000 -LEADER
fixed length control field 00368nam a22001217a 4500
005 - DATE AND TIME OF LATEST TRANSACTION
control field 20200909091016.0
008 - FIXED-LENGTH DATA ELEMENTS--GENERAL INFORMATION
fixed length control field 200909b ||||| |||| 00| 0 eng d
020 ## - INTERNATIONAL STANDARD BOOK NUMBER
International Standard Book Number 0415043034
040 ## - CATALOGING SOURCE
Transcribing agency CML
245 ## - TITLE STATEMENT
Title Cinema, Censorship and sexuality 1909-1925.
Statement of responsibility, etc. Kuhn, A.
260 ## - PUBLICATION, DISTRIBUTION, ETC.
Place of publication, distribution, etc. London
Name of publisher, distributor, etc. Routledge
Date of publication, distribution, etc. 1988
942 ## - ADDED ENTRY ELEMENTS (KOHA)
Source of classification or shelving scheme Dewey Decimal Classification
Koha item type Books
Edition 1st Edition
Classification part 791
Call number prefix KUH791
Call number suffix KUH
Holdings
Withdrawn status Lost status Source of classification or shelving scheme Damaged status Not for loan Collection code Home library Current library Shelving location Date acquired Total Checkouts Full call number Barcode Date last seen Copy number Price effective from Koha item type
    Dewey Decimal Classification     Technology (Applied Sciences) Chalimbana Main Library Chalimbana Main Library The Arts Fine & Decorative Arts 09/09/2020   KUH791.43 9780415043038 09/09/2020 1 09/09/2020 Books

Powered by Koha